| 000 | 00467nam a2200169Ia 4500 | ||
|---|---|---|---|
| 999 |
_c10438 _d10438 |
||
| 003 | OSt | ||
| 005 | 20191230152808.0 | ||
| 008 | 190216s9999||||xx |||||||||||||| ||und|| | ||
| 040 | _coclc | ||
| 082 |
_a336 _bDEV/F |
||
| 100 |
_aDevairakkam, S _9915 |
||
| 245 | 0 |
_aFiscal Economics / _cS Devairakkam |
|
| 260 |
_bJothi Publications, _c1989. _aThirunelveli: |
||
| 300 | _a340p | ||
| 650 | _aEconomics | ||
| 942 |
_cBK _2ddc _h336 _iDEV/F _k336 _mDEV/F |
||